Tintin - Personnages de Coke en stock - Mort subite - Statistiques

Statistiques générales
  • Ce quiz a été pris 51 fois
  • Le résultat moyen est 8 sur 17
Answers on the Grid
Answers color-coded by a green-red scale on the quiz's grid according to % correct below.
Le capitaine Archibald Haddock
Dupond et Dupont
Le professeur Tryphon Tournesol
Bianca Castafiore
Roberto Rastapopoulos
Le général Alcazar
Nestor
Séraphin Lampion
Allan Thompson
Tchang Tchong Jen
Irma
Mohammed ben Kalish Ezab
Igor Wagner
Youssouf ben Moulfrid
Le général Tapioca
Piotr Szut
Bab el Ehr
Patrash Pasha
Laszlo Carreidas
Gibbons
Dawson
Madame Lampion
Le colonel Sponsz
Abdallah
Le docteur Müller
R.W. Chicklet
Le senhor Oliveira da Figueira
Kurt
 
Statistiques - réponses
Réponse % Correct
Le capitaine Archibald Haddock
93%
Roberto Rastapopoulos
93%
Dupond et Dupont
85%
Allan Thompson
78%
Piotr Szut
70%
Le professeur Tryphon Tournesol
59%
Nestor
52%
Bianca Castafiore
44%
Le général Alcazar
44%
Mohammed ben Kalish Ezab
33%
Séraphin Lampion
33%
Le docteur Müller
26%
Bab el Ehr
22%
Le senhor Oliveira da Figueira
22%
Abdallah
19%
Kurt
11%
Dawson
7%
Aucun quiz correspondant
Distribution des résultats
% des personnes avec chaque résultat
Percentile par nombre de réponses
Votre historique - résultats
Vous n’avez pas pris ce quiz